Về quyền giám sát tối cao của Quốc hội (Tái bản có sửa chữa)

Cơ sở lý luận, thực trạng hoạt động giám sát của quốc hội nước CHXHCN VN và phwong pháp tăng cường hiệu quả giám sát của quốc hội. Nội dung cơ bản của luật về hoạt động giám sát của quốc hội...

সম্পূর্ণ বিবরণ

সংরক্ষণ করুন:
গ্রন্থ-পঞ্জীর বিবরন
প্রধান লেখক: Phạm, Ngọc Kỳ
বিন্যাস: গ্রন্থ
ভাষা:Undetermined
প্রকাশিত: Hà Nội Chính trị Quốc gia 2000
বিষয়গুলি:
ট্যাগগুলো: ট্যাগ যুক্ত করুন
কোনো ট্যাগ নেই, প্রথমজন হিসাবে ট্যাগ করুন!
Thư viện lưu trữ: Trung tâm Học liệu Trường Đại học Cần Thơ
LEADER 00980nam a2200229Ia 4500
001 CTU_39355
008 210402s9999 xx 000 0 und d
020 |c 15000 
082 |a 328.36 
082 |b K600 
100 |a Phạm, Ngọc Kỳ 
245 0 |a Về quyền giám sát tối cao của Quốc hội 
245 0 |b (Tái bản có sửa chữa) 
245 0 |c Phạm Ngọc Kỳ 
260 |a Hà Nội 
260 |b Chính trị Quốc gia 
260 |c 2000 
520 |a Cơ sở lý luận, thực trạng hoạt động giám sát của quốc hội nước CHXHCN VN và phwong pháp tăng cường hiệu quả giám sát của quốc hội. Nội dung cơ bản của luật về hoạt động giám sát của quốc hội 
650 |a Legislative bodies,Parliamentary practice 
650 |z Vietnam 
904 |i Minh, Giang 
980 |a Trung tâm Học liệu Trường Đại học Cần Thơ